Rock mechanics for underground mining

Uloženo v:
Podrobná bibliografie
Hlavní autoři: Brady, Barry H. G (Autor), Brown, Edwin T (Autor)
Médium: Kniha
Jazyk:angličtina
Vydáno: Dordrecht, Netherlands. Kluwer Academic, 2004
Vydání:3a. ed
Témata:
Tagy: Přidat tag
Žádné tagy, Buďte první, kdo vytvoří štítek k tomuto záznamu!

MARC

LEADER 00000cam a2200000 a 4500
001 UCE5835
003 CL-VaPUC
005 20211026091458.0
008 150312e20040000ne |||||||||||||||||eng|d
999 |c 358408  |d 358406 
020 |a 9781402020643 
040 |c Pontificia Universidad Católica de Valparaíso 
082 0 4 |a 622.2 BRA 2004  |2 21 
100 0 |a Brady, Barry H. G  |e author  |9 578503 
245 1 0 |a Rock mechanics for underground mining 
250 |a 3a. ed 
260 |a Dordrecht, Netherlands.  |b Kluwer Academic,  |c 2004 
300 |a 626 páginas 
583 |a last modification  |c 20150312 12:37:00  |k Rodrigo Vera 
650 0 |a Mecánica de rocas  |2 CL-VaPUC  |9 260321 
650 0 |a Ingeniería de minas  |2 CL-VaPUC  |9 567634 
650 0 |a Resistencia de materiales  |9 260095 
650 0 |a Suelos  |9 260322 
700 0 |a Brown, Edwin T  |e author  |9 578504 
942 |c BK  |2 ddc 
945 |d 20150312 12:37:00  |a cmena 
952 |0 0  |1 0  |2 ddc  |3 erb  |4 0  |6 622_200000000000000_BRA_2004  |7 0  |8 A  |9 467089  |a BIBING  |b BIBING  |i 5140501  |o 622.2 BRA 2004  |p 5140501  |r 2025-01-20  |t 1  |w 2019-11-23  |y BK  |z Catalogado en:20150312  |k EIQ 
952 |0 0  |1 0  |2 ddc  |3 erb  |4 0  |6 622_200000000000000_BRA_2004  |7 0  |8 A  |9 467090  |a BIBING  |b BIBING  |i 514051K  |o 622.2 BRA 2004  |p 514051K  |r 2025-01-20  |t 2  |w 2019-11-23  |y BK  |z Catalogado en:20150312  |k EIQ 
952 |0 0  |1 0  |2 ddc  |3 erb  |4 0  |6 622_200000000000000_BRA_2004  |7 0  |8 A  |9 467091  |a BIBING  |b BIBING  |i 5140528  |l 1  |m 1  |o 622.2 BRA 2004  |p 5140528  |q 2025-05-05  |r 2025-03-04  |s 2025-03-04  |t 3  |w 2019-11-23  |y BK  |z Catalogado en:20150312  |k EIQ 
952 |0 0  |1 0  |2 ddc  |3 erb  |4 0  |6 622_200000000000000_BRA_2004  |7 0  |8 A  |9 467092  |a BIBING  |b BIBING  |i 5140536  |o 622.2 BRA 2004  |p 5140536  |r 2025-01-20  |t 4  |w 2019-11-23  |y BK  |z Catalogado en:20150312  |k EIQ 
952 |0 0  |1 0  |2 ddc  |3 erb  |4 0  |6 622_200000000000000_BRA_2004  |7 0  |8 A  |9 467093  |a BIBING  |b BIBING  |i 5140544  |l 1  |o 622.2 BRA 2004  |p 5140544  |r 2025-01-20  |s 2022-06-29  |t 5  |w 2019-11-23  |y BK  |z Catalogado en:20150312  |k EIQ 
952 |0 0  |1 0  |2 ddc  |4 0  |6 622_200000000000000_BRA_2004  |7 0  |8 A  |9 562293  |a BIBING  |b BIBING  |d 2020-04-02  |e 1  |g 103375.00  |i 5575591  |o 622.2 BRA 2004  |p 5575591  |r 2025-01-20  |t 6  |v 103375.00  |w 2020-04-02  |y BK  |k EIQ